Asymptotic techniques for use in statistics

Saved in:
Bibliographic Details
Main Authors: Barndorff-Nielsen, Ole Eiler (Author), Cox, David Roxbee (Author)
Format: Book
Language:English
Published: Londres Chapmann and Hall 1989
Series:Monographs on statistics and applied probability
Subjects:
Tags: Add Tag
No Tags, Be the first to tag this record!

MARC

LEADER 00000nam a2200000 a 4500
001 UCW1554
003 CL-VaPUC
008 920730e19890000UK |||||||||||||||||eng|d
082 0 4 |a 519.5  |b BAR  |2 21 
100 0 |a Barndorff-Nielsen, Ole Eiler  |e author  |9 305581 
700 0 |a Cox, David Roxbee  |e author  |9 305582 
245 1 0 |a Asymptotic techniques for use in statistics 
300 |a 252 p 
942 |c BK 
945 |d 19920730 00:00:00 
260 |a Londres  |b Chapmann and Hall  |c 1989 
650 7 |a ESTADISTICA MATEMATICA TEORIA ASINTOTICA  |2 CL-VaPUC  |9 270854 
583 |a last modification  |c 19920730 00:00:00  |k Rodrigo Vera 
490 0 |a Monographs on statistics and applied probability 
999 |c 216430  |d 216428 
952 |0 0  |1 0  |4 0  |6 519_500000000000000_BAR_1989  |7 0  |8 A  |9 202148  |a BIBGIM  |b BIBGIM  |d 2019-11-14  |i 2692724  |o 519.5 BAR 1989  |p 2692724  |r 2025-01-15  |w 2019-11-14  |y BK  |k EST